| 000 | 00604nam a22002297a 4500 | ||
|---|---|---|---|
| 999 |
_c5417 _d5417 |
||
| 003 | OSt | ||
| 005 | 20190930125239.0 | ||
| 008 | 161130b xxu||||| |||| 00| 0 eng d | ||
| 020 | _a9780273774174 | ||
| 020 | _a0273774174 | ||
| 040 | _cDDC | ||
| 082 | _a621.38 KAS 2013 | ||
| 100 |
_aKasap, S.O. _91352 |
||
| 245 | _aOptoelectronics and Photonics: principles and practices | ||
| 250 | _a2nd ed. | ||
| 260 |
_aBoston; _bPearson, _c2013 |
||
| 300 | _a544p;ill: 23cm | ||
| 504 | _aAppendices, & index included | ||
| 650 |
_aOptoelectronics _911327 |
||
| 650 |
_aPhotonics _94406 |
||
| 942 |
_2z _cO_SHELF |
||